01010nam a2200241Ia 450000100060000000300090000600800410001504000130005604000130006904100130008210000180009510000290011324500430014224500430018525000110022826000100023926000240024926000490027330000430032250003460036565000260071165000310073716062IT-RoPAU130308s9999 xx 000 0 und d aIT-RoPAU cIT-RoPAU aFRANCESE aNir Yeshayahu gCodice Aut. SPICS: 10353 aTelevision-Contraintes et Perspectives bTelevision-Contraintes et Perspectives a1a ed. aPARIS bDelarge Jean Pierre c1976 [1° Ed.:1976 - Ed.Ling.Originale:1976] a"174 p. (prefazione: no ; testo: 174)" aMezzo Televisivo e Sue Prorpietà mezzo e Messaggio tecnologie e Tecniche Studio Televisivo norme di Produzione Trasmissione in Diretta o Registrata sistemi di Diffusione Telecamera Magnetoscopio immagine a Colori ripresa televisiva ripresa del Sonoro Tecniche di registrazione forme e Tipi di Produzione scenario tra Spettacolo e Reportage aLINGUAGGIO TELEVISIVO eCodice materia Spics: 6954